Statistiken für Orte in ihren Landessprachen

Klicken Sie hier um das Quiz zu spielen!

Allgemein

  • Dieses Quiz wurde 1,602 mal gespielt
  • Das Durchschnittsergebnis liegt bei 18 aus 21

Antwortstatistiken

Lokale Sprache Deutsch % Korrekt
ItaliaItalien
100%
CaliforniaKalifornien
98%
LisboaLissabon
97%
Northern IrelandNordirland
97%
ColombiaKolumbien
97%
WarszawaWarschau
96%
ToscanaToskana
95%
МоскваMoskau
93%
KyїvKiew
93%
VeneziaVenedig
93%
BucureştiBukarest
91%
EestiEstland
91%
TorinoTurin
89%
Ciudad de MéxicoMexiko-Stadt
89%
NorgeNorwegen
89%
CataluñaKatalonien
88%
La HabanaHavanna
88%
CorseKorsika
83%
Al-QāhiraKairo
40%
LefkoşaNikosia
37%
Krung ThepBangkok
35%

Verteilung der Resultate

Perzentil nach korrekt beantworteten Fragen

Anzahl Personen mit jedem Resultat

Ihre Resultats-Entwicklung

Sie haben dieses Quiz noch nicht gespielt